Central Library, Doon University
WEBOPAC (ONLINE PUBLIC ACCESS CATALOGUE)

Innovation and Entrepreneurship (Record no. 60411)

MARC details
000 -LEADER
fixed length control field 00444nam a22001817a 4500
005 - DATE & TIME
control field 20260220112149.0
008 - FIXED-LENGTH DATA ELEMENTS--GENERAL INFORMATION
fixed length control field 260220b |||||||| |||| 00| 0 eng d
020 ## - ISBN
International Standard Book Number 9789385750410
Price 469.00
040 ## - CATALOGING SOURCE
Original cataloging agency Doon University
041 ## - Language
Language English
082 ## - DDC NUMBER
Classification number 658.002
Book Number BHA
100 ## - MAIN ENTRY--PERSONAL NAME
Personal name Bhatt Arvind Kumar
245 ## - TITLE STATEMENT
Title Innovation and Entrepreneurship
260 ## - PUBLICATION, DISTRIBUTION, ETC. (IMPRINT)
Place of publication, distribution, etc New Delhi
Name of publisher, distributor, etc Luxmi
Date of publication, distribution, etc 2026
300 ## - PHYSICAL DESCRIPTION
Pages 258
650 ## - Subject
Subject Commerce
942 ## - ADDED ENTRY ELEMENTS (KOHA)
Koha item type Books
100 ## - MAIN ENTRY--PERSONAL NAME
-- 26359
952 ## - LOCATION AND ITEM INFORMATION (KOHA)
-- 2026-02-20
952 ## - LOCATION AND ITEM INFORMATION (KOHA)
-- 2026-02-20
952 ## - LOCATION AND ITEM INFORMATION (KOHA)
-- 2026-02-20
Holdings
Withdrawn status Lost status Source of classification or shelving scheme Damaged status Not for loan Location (home branch) Sublocation or collection (holding branch) Date acquired Koha full call number Accession No. Koha date last seen Koha item type Koha issues (times borrowed)
        Not For Loan Doon University Doon University 20.02.2026 658.002 BHA 52911 20.02.2026 Reference  
          Doon University Doon University 20.02.2026 658.002 BHA 52912 20.02.2026 Books  
          Doon University Doon University 20.02.2026 658.002 BHA 52913 20.02.2026 Books  
Contact : +91-135-2533126 (Library),+91-135-2533105 (Admin Office) , Email : doonlibrary@gmail.com

Powered by Koha